|
|
|
|
| LEADER |
00673cam a2200205 7i4500 |
| 001 |
0000020442 |
| 005 |
20170218090000.0 |
| 008 |
080214 bm |
| 020 |
|
|
|a 9835804168 (pbk.)
|
| 040 |
|
|
|a UniKL
|
| 090 |
0 |
0 |
|a T385
|b .C67 1999
|
| 100 |
1 |
|
|a Copestake, Stephen
|
| 245 |
1 |
0 |
|a Paint shop pro cara mudah
|c Stephen Copestake.
|
| 260 |
|
|
|a Kuala Lumpur:
|b Federal publications,
|c 1999.
|
| 300 |
|
|
|a 188 p.:
|b ill.;
|c 23 cm.
|
| 500 |
|
|
|a Includes index
|
| 650 |
0 |
0 |
|a Paint shop
|
| 650 |
0 |
0 |
|a Computer graphics
|
| 997 |
|
|
|a Communication, Visual Art & Computing, Faculty
|b Computing, Department
|
| 999 |
|
|
|a 0000023592
|b BOK
|c OPEN SHELF
|e 2nd Floor, Bestari Jaya
|